000 02252nam0a2200373 4500
001 RU\NLR\BIBL_A\012916806
005 20250624224129.0
010 _a978-5-17-150515-8
_92000
021 _aRU
_b2022-62077
_9КН-П-5377
035 _a(RuMoRGB)011207041
035 _a(NLR Aleph) 012916806
090 _a12631926
_c12631926
100 _a20221021d2022 |||y0rusy50 ca
101 0 _aeng
102 _aRU
105 _ay z 000ay
181 0 _ai
_baxxe
182 0 _an
200 1 _aAnne of Green Gables
_e[a novel]
_fLucy Maud Montgomery
203 _aТекст
_bвизуальный
_cнепосредственный
210 _aМосква
_cАСТ
_d2022
215 _a381 с.
_d19
225 1 _aExclusive classics hardcover
300 _aВ вып. дан.: Энн из Зеленых Мезонинов / Люси Монтгомери
330 _aНа серии книг о рыжеволосой девочке-сироте выросло уже не одно поколений читателей по всему миру. Именно они принесли канадской писательнице признание и славу. Главная героиня произведения "Энн из Зеленых Мезонинов" Энн Ширли - жизнерадостная и разговорчивая девочкой с богатой фантазией. Не смотря на все удары судьбы, ей удается оставаться такой же доброй, любознательно и внимательной к людям. Волею судеб она оказывается в семье Катберт и получает шанс на новую жизнь, полную удивительных открытий и верных друзей. Текст произведения дан в оригинале в неизменном виде
333 _a12+
517 1 _aЭнн из Зеленых Мезонинов
686 0 _aШ9(7К)62-4
700 1 _7ba
_8eng
_aMontgomery
_bL. M.
_f1874-1942
_gLucy Maud
_9257967
_3RU\NLR\AUTH\770258023
942 _cBOOK
980 _aNB